000
00310nam a22001337a 4500
008
170714b xxu||||| |||| 00| 0 eng d
020
_a
0136625371
041
_a
eng
080
_2
2ND
_a
101
100
_a
24
101
_a
FJA
245
_a
PHILOSOPHY AND THE HUMAN CONDITION
_c
BEAUCHAMP.T.L
942
_2
udc
_c
BK
999
_c
20742
_d
20742